000 00386nam a2200145Ia 4500
008 230711s9999||||xx |||||||||||||| ||und||
041 _aENG
082 _bBA-P
100 _aBajpai,SK
245 0 _aPreservation and management of library collections
250 _a1st . Ed.
260 _c1999
_aNew Delhi
_bEss Ess Publication
650 _aLibrary and Information Science
942 _cBK
999 _c4223
_d4223